00349nam a2200121Ia 4500082001200000100002400012245005100036260005200087300000800139650003400147650002700181710001900208 aTB.0114 aBalasubramanian, G. 0aPortfolio behaviour of Indian commercial banks c1980bIndian Institute of Management, Ahmedabad a167 aBanks and bankingvManagement aBank managementzIndia aRangarajan, C.